000 00421nam a2200157Ia 4500
008 210716s2008 xx 000 0 und d
020 _a9788175543379
041 _aeng
082 _a651.73 GREA
100 _aGreen, Andy.
245 _aEffective personal communication skills for public relations.
250 _a1
260 _aNew Delhi
_bKogan Page
_c2008
300 _axvii,219
650 _aBusiness Communication
999 _c207553
_d207553